000 00577nam a2200241Ia 4500
003 OSt
005 20220918205500.0
006 a|||||r|||| 00| 0
007 ta
008 220917b |||||||| |||| 00| 0 eng d
024 _a116,729
037 _cTextual
040 _aARTS
_cARTS
_beng
041 _2eng
_aeng
082 _aV5932xN75, L5
100 _aGardos M
_9115230
245 0 _aHungry 75
_b Yearbook
260 _c1975
300 _a198p.
_ccm.
650 _aHISTORY
942 _hV5932xN75, L5
_cTEXL
_2CC
999 _c240050
_d240050